Online Catalogue and eLibrary

Writing diaspore : (Record no. 4437)

MARC details
000 -LEADER
fixed length control field 00467nam a2200169Ia 4500
005 - DATE AND TIME OF LATEST TRANSACTION
control field 20250106053918.0
008 - FIXED-LENGTH DATA ELEMENTS--GENERAL INFORMATION
fixed length control field 240331s9999 xx 000 0 und d
020 ## - INTERNATIONAL STANDARD BOOK NUMBER
ISBN 0253207851
082 ## - DDC Classification
Class No. 951
100 ## - MAIN ENTRY--PERSONAL NAME
Personal name Chow,R
245 #0 - TITLE STATEMENT
Title Writing diaspore :
Remainder of title tactics of intervention in contemporary cultural studies
260 ## - PUBLICATION, DISTRIBUTION, ETC.
Place of publication, distribution, etc. Bloomington and Indianapolis
Name of publisher, distributor, etc. Indiana University Press
Date of publication, distribution, etc. 1993
300 ## - PHYSICAL DESCRIPTION
Extent (e.g. Volumes, Pages etc.) x, 223 p .,
650 ## - SUBJECT ADDED ENTRY--TOPICAL TERM
Topical term or geographic name entry element Culture
650 ## - SUBJECT ADDED ENTRY--TOPICAL TERM
Topical term or geographic name entry element Arts
942 ## - Koha item type (Biblio)
Koha item type Books in Stacks (Lending)
Holdings
Lost status Damaged status Collection code Home library Current library Shelving location Date acquired Accession Number Item type
    Lending WERC Library WERC Library Social Science Cupboard 03/31/2024 4185 Books in Stacks (Lending)

© WERC Library